00651nam a2200205Ia 4500082001200000245010300012250002500115260000900140300000800149504004100157650002100198650002200219650003000241650003300271650003700304650002800341650002800369700003200397710001600429 aTS.0937 0aSanamahi movement among the meiteis of Manipur: a sociological study of a socio-religious movement aJawaharlal Nehru Uni c2005 a280 aincludes appendices and bibliography aSocial movements aManipurvReligion aSocial movementsvManipur aEthnologyvManipurvReligion aMeitheis (Indic people)vManipur aManipuri (Indic people) aMeitheis (Indic people) aSingh, Khuraijam Bijoykumar aAnand Kumar